000 00554nam a22001937a 4500
003 OSt
005 20220112020753.0
008 160318b xxu||||| |||| 00| 0 eng d
020 _a0918286115
040 _cMMU
_beng
_aMMU
_dMMU
050 _aZ7164 .T23 1978
100 _aHagman,Donald G.
245 _aWindfalls for wipeouts :
_bLand value captureand compensation/
_cedited by Donald G Hagman
260 _aWashington:
_bPlanners ,
_c1978
300 _a660 p. :
_bill.;
650 _aWindfall.
700 _aDean J Misczynski
942 _2lcc
_cLOAN LOAN
999 _c16726
_d16726